000
00226nam a22000857a 4500
999
_c
11529
_d
11529
008
190531b ||||| |||| 00| 0 eng d
100
_a
Rohit
_9
7241
245
_a
CBSE ScienceSample Papers-X
260
_a
New Delhi
_b
Rohit Publications